Greenhouse horticulture : (Registro nro. 55792)
[ vista simple ]
| 000 -LEADER | |
|---|---|
| fixed length control field | 01547cam a2200373 i 4500 |
| 001 - CONTROL NUMBER | |
| control field | 55792 |
| 003 - CONTROL NUMBER IDENTIFIER | |
| control field | Mx-PuUPA |
| 005 - DATE AND TIME OF LATEST TRANSACTION | |
| control field | 20260217085217.0 |
| 008 - FIXED-LENGTH DATA ELEMENTS--GENERAL INFORMATION | |
| fixed length control field | 140415s2024 ne ad fr 000 0 eng d |
| 020 ## - INTERNATIONAL STANDARD BOOK NUMBER | |
| International Standard Book Number | 9789004697034 |
| 024 7# - OTHER STANDARD IDENTIFIER | |
| Source of number or code | doi |
| Standard number or code | 10.1163/9789004697041 |
| 040 ## - CATALOGING SOURCE | |
| Transcribing agency | Mx-PuUPA |
| Original cataloging agency | Mx-PuUPA |
| Language of cataloging | spa |
| Modifying agency | Mx-PuUPA |
| Description conventions | rda |
| 041 0# - LANGUAGE CODE | |
| Language code of text/sound track or separate title | eng |
| 100 1# - MAIN ENTRY--PERSONAL NAME | |
| Personal name | Stanghellini, Cecilia, |
| Dates associated with a name | 1953- |
| Relator term | autor |
| 9 (RLIN) | 17567 |
| 245 10 - TITLE STATEMENT | |
| Title | Greenhouse horticulture : |
| Remainder of title | technology for optimal crop production / |
| Statement of responsibility, etc. | Cecilia Stanghellini, Bert van 't Ooster, Ep Heuvelink |
| 250 ## - EDITION STATEMENT | |
| Edition statement | 2nd edition |
| 264 #1 - PRODUCTION, PUBLICATION, DISTRIBUTION, MANUFACTURE, AND COPYRIGHT NOTICE | |
| Place of production, publication, distribution, manufacture | The Netherlands : |
| Name of producer, publisher, distributor, manufacturer | Brill | Wageningen Academic, |
| Date of production, publication, distribution, manufacture, or copyright notice | 2024 |
| 300 ## - PHYSICAL DESCRIPTION | |
| Extent | 315 páginas : |
| Other physical details | ilustraciones, gráficas, diagramas, tablas ; |
| Dimensions | 25 cm |
| 336 ## - CONTENT TYPE | |
| Fuente | rdacontent |
| Content type term | texto |
| Content type code | txt |
| 336 ## - CONTENT TYPE | |
| Fuente | rdacontent |
| Content type term | imagen fija |
| Content type code | sti |
| 337 ## - MEDIA TYPE | |
| Source | rdamedia |
| Media type term | sin medio |
| Media type code | n |
| 338 ## - CARRIER TYPE | |
| Source | rdacarrier |
| Carrier type term | volumen |
| Carrier type code | nc |
| 650 #7 - SUBJECT ADDED ENTRY--TOPICAL TERM | |
| Source of heading or term | armarc |
| Topical term or geographic name entry element | Invernaderos |
| General subdivision | Administración |
| 650 #7 - SUBJECT ADDED ENTRY--TOPICAL TERM | |
| Source of heading or term | armarc |
| Topical term or geographic name entry element | Cultivo en invernadero |
| 650 #7 - SUBJECT ADDED ENTRY--TOPICAL TERM | |
| Source of heading or term | armarc |
| Topical term or geographic name entry element | Jardinería |
| 700 1# - ADDED ENTRY--PERSONAL NAME | |
| Personal name | Ooster, Ben van 't |
| Relator term | autor |
| 700 1# - ADDED ENTRY--PERSONAL NAME | |
| Personal name | Heuvelink, Ep, |
| Relator term | autor |
| 942 ## - ADDED ENTRY ELEMENTS (KOHA) | |
| Source of classification or shelving scheme | Dewey Decimal Classification |
| Koha item type | Libro |
| Classification part | 635.9823 |
| Item part | S77 |
| Withdrawn status | Lost status | Source of classification or shelving scheme | Damaged status | Not for loan | Collection code | Home library | Current library | Shelving location | Date acquired | Source of acquisition | Cost, normal purchase price | Total Checkouts | Full call number | Barcode | Date last seen | Cost, replacement price | Price effective from | Koha item type | Copy number |
|---|---|---|---|---|---|---|---|---|---|---|---|---|---|---|---|---|---|---|---|
| Dewey Decimal Classification | General | Biblioteca Karol Wojtyla | Biblioteca Karol Wojtyla | Sala general | 07/10/2025 | 2 | 2263.62 | 635.9823 S77 2024 | 106107 | 05/01/2026 | 2263.62 | 07/10/2025 | Reserva permanente | ||||||
| Dewey Decimal Classification | General | Biblioteca Karol Wojtyla | Biblioteca Karol Wojtyla | Sala general | 17/02/2026 | 2 | 2050.65 | 635.9823 S77 2024 | 106299 | 25/02/2026 | 2050.65 | 17/02/2026 | Reserva permanente | Ej.2 |